Participación en la democracia / (Record no. 16522)

MARC details
000 -LEADER
campo de control de longitud fija 00538nam a2200181 4500
001 - NÚMERO DE CONTROL
campo de control 14144
005 - FECHA Y HORA DE LA ÚLTIMA TRANSACCIÓN
campo de control 20230410101949.0
008 - DATOS DE LONGITUD FIJA--INFORMACIÓN GENERAL
campo de control de longitud fija 060907n1986 dr spa
035 ## - NÚMERO DE CONTROL DEL SISTEMA
-- funglode14265
041 ## - CÓDIGO DE IDIOMA
Código de lengua del texto/banda sonora o título independiente ES
050 14 - SIGNATURA TOPOGRÁFICA DE LA BIBLIOTECA DEL CONGRESO
Número de clasificación 118 F 1938.58 P419p 1986
100 ## - ENTRADA PRINCIPAL--NOMBRE DE PERSONA
Nombre de persona Peña Gómez, José Francisco
245 1# - MENCIÓN DEL TÍTULO
Título Participación en la democracia /
Mención de responsabilidad, etc. José Francisco Peña Gómez
260 ## - PUBLICACIÓN, DISTRIBUCIÓN, ETC.
Lugar de publicación, distribución, etc. Santo Domingo :
Nombre del editor, distribuidor, etc. Editora Corripio,
Fecha de publicación, distribución, etc. 1986
300 ## - DESCRIPCIÓN FÍSICA
Extensión 2 v.
440 ## - MENCIÓN DE SERIE/PUNTO DE ACCESO ADICIONAL--TÍTULO
Título Colección Pensamiento Politico, t. 14-15
942 ## - ELEMENTOS DE ENTRADA SECUNDARIOS (KOHA)
Fuente del sistema de clasificación o colocación Clasificación de Library of Congress
Tipo de ítem Koha
Holdings
Estatus retirado Estado de pérdida Fuente del sistema de clasificación o colocación Estado de daño No para préstamo Colección Biblioteca de origen Biblioteca actual Ubicación en estantería Fecha de adquisición Serial enumeration / chronology Signatura topográfica completa Código de barras Visto por última vez Tipo de ítem Koha
    Clasificación de Library of Congress     Recursos Regionales Biblioteca Juan Bosch Biblioteca Juan Bosch Recursos Regionales (2do. Piso) 23/10/2018 1 118 F 1938.58 P419p 1986 00000012727 23/10/2018  
    Clasificación de Library of Congress     Recursos Regionales Biblioteca Juan Bosch Biblioteca Juan Bosch Recursos Regionales (2do. Piso) 23/10/2018 1 118 F 1938.58 P419p 1986 00000011777 23/10/2018